1939 1461 1208 1447 1823 1187 1776 1721 1392 1198 1325 1322 1071 1239 1571 1374 1740 1953 1436 1388 1147 1063 1388 1481 1520 1752 1004 1495 1658 1353 1576 1738 1564 1265 1089 1258 1229 1160 1106 1398 1321 1471 1224 1401 1700 1110 1483 1593 1538 1046 1512 1865 1627 1358 1667 1359 1906 1314 1796 1011 1470 1771 1971 2000 1221 1135 1351 1474 1025 1710 1587 1681 1899 1622 1710 1189 1757 1133 1324 1236 1179 1278 1372 1507 1584 1089 1286 1664 1765 1879 1921 1655 1028 1404 1922 1898 1011 1631 1928 BCNSPRNW ULIB Ver.6.0+V

เปลี่ยนเป็นภาษาไทย

Change to English
 แสดงรายละเอียดบรรณานุกรม
  กลับหน้าหลัก

Brief Record : Get Marc (ISO 2709) : E-mail record : QR code < ปิดหน้าต่าง
LEADER : 00000nam 2200000uu 4500
001    13399112987
003     ULIB
008    110921s2553||||th 000 0 tha d
020    9786165000642
090    นว.^bณ429ย 2553
100 0  ณารา
245 00 ยุทธการล่าจารกรรมรัก/^cณารา
250    พิมพ์ครั้งที่ 2
260    กรุงเทพฯ :^bพิมพ์คำ,^c2553
300    340 หน้า
945    ^p240^l0^i18592
995    กัณชพร
999     ^aใช้งานได้ทุกระบบ
รายการนี้ยังไม่มีแท็ก
คุณยังไม่ได้ล็อกอิน คุณสามารถมีกิจกรรมร่วมกับเว็บไซต์ได้ แต่ต้องล็อกอินก่อน ::
  ล็อกอิน

รายการสื่อสารสนเทศ

ลำดับที่ ประเภท เลขเรียก/บาร์โค้ด สถานที่ สถานะ
1. นวนิยาย
นวนิยาย
นว. ณ429ย 2553  
  Barcode: 18592
ห้องสมุดวิทยาเขตสวรรค์ประชารักษ์
►นวนิยาย
บนชั้น
  ขอยืม

รายการใกล้เคียง
    ผู้แต่ง [ณารา]

BibComment


ยังไม่เคยถูกคอมเมนท์

คอมเมนท์ทรัพยากรรายการนี้
  คอมเมนท์: ยุทธการล่าจารกรรม..


 Copyright 2026. Bcnsprnw @Library